Movies Quiz

Random Movies or Quote Quiz

Name The Movie character by Quote Quiz Stats

 Plays Quiz not verified by Sporcle

Challenge
Share
Tweet
Embed
Score 0/9 Timer 04:00
0 Plays Today
Quote Character % Correct
Do I really look like a guy with a plan? You know what I am? I'm a dog chasing cars. I wouldn't know what to do with one if I caught it. You know, I just... do thingsThe Joker
65.4%
Do or do not...there is no try. Yoda
60.3%
It's a problem I've had since I was baby. ... I can't turn left.'Derek Zoolander
52.6%
The truth is, you're the weak, and I'm the tyranny of evil men. But I'm tryin', Ringo. I'm trying real hard to be the shepherd.Jules Winfield
43.6%
Do The chickens have large talons?Napoleon Dynamite
41%
I think if your clients want to sit on my shoulders and call themselves tall, they have the right to give it a try - but there's no requirement that I enjoy sitting here listeningMark Zuckerberg
25.6%
All we have to decide is what to do with the time that is given to us.Gandalf
17.9%
I'm da boss, I'm da boss, I'm da boss, I'm da bossJake La Motta
14.1%
The question is, who are YOU?!?!Rafiki
12.8%

You're not logged in!

Compare scores with friends on all Sporcle quizzes.
OR
Log In

You Might Also Like...

Show Comments

Extras

Created Apr 10, 2011ReportNominate
Tags:Quote Quiz, character

Top Quizzes Today


Score Distribution

Your Account Isn't Verified!

In order to create a playlist on Sporcle, you need to verify the email address you used during registration. Go to your Sporcle Settings to finish the process.

Report this User

Report this user for behavior that violates our Community Guidelines.

Details: